000
00220nam a2200109Ia 4500
100
_a
Motwani- Bharti
_9
21
942
_c
BK
245
_a
Data analytics with R
260
_c
2019
082
_a
005.312
_b
MOT
300
_a
646
999
_c
35849
_d
35849